00403 a2200133 4500001001000000005001700010008004100027245005900068100002100127700002000148700001700168773006700185999001700252ART_1267920260410161908.0260409a 10aCommnent on the papers by professors laidler and Tobin1 aMatthews, R.C.O.1 aMeade, James E.1 aTobin, James0 tThe Economic Journalg- Vol. 91, NÂș 361 (mar. 1981)wREV12512 c26572d26572